| 000 | 01817cam a22004937a 4500 | ||
|---|---|---|---|
| 001 | 000093644 | ||
| 003 | CHAP | ||
| 005 | 20241015134226.0 | ||
| 008 | 050418d2005 mx r 00110 spa d | ||
| 010 | _a90110 | ||
| 011 | _a91082 | ||
| 035 | _a101640 | ||
| 040 | _cCHAP | ||
| 090 | _aTesis | ||
| 100 | 0 | 0 |
_aContreras Domínguez, Josafat. _927481 |
| 245 | 1 | 0 |
_aAnálisis comparativo de las políticas de apoyo al subsector lechero, México - Francia / _c/por Josafat Contreras Domínguez. |
| 260 |
_aChapingo, Méx. : _bEl autor, _c2005. |
||
| 300 | _a93 h. | ||
| 502 | _aTesis (Ing. Agr. Esp. en Economía Agrícola) - - UACH. División de Ciencias Económico Administrativas | ||
| 590 |
_aALEPH _b10 _c20130110 _lUCH01 _h1505 |
||
| 590 |
_aBATCH-UPD _b10 _c20130110 _lUCH01 _h0219 |
||
| 590 |
_aBATCH-UPD _b10 _c20130110 _lUCH01 _h1236 |
||
| 590 |
_aBATCH-UPD _b10 _c20130409 _lUCH01 _h2239 |
||
| 590 |
_aBATCH-UPD _b10 _c20130410 _lUCH01 _h1320 |
||
| 590 |
_aBATCH-UPD _b10 _c20130914 _lUCH01 _h1038 |
||
| 590 |
_aBATCH-UPD _b10 _c20140324 _lUCH01 _h1450 |
||
| 590 |
_aBATCH-UPD _b10 _c20141002 _lUCH01 _h0826 |
||
| 590 |
_aBATCH _b00 _c20181121 _lUCH01 _h0759 |
||
| 590 |
_aCONVERSION _b10 _c20130109 _lUCH01 _h1350 |
||
| 590 |
_aE5765TAJ _b10 _c20130618 _lUCH01 _h1215 |
||
| 650 | 1 | 7 |
_aIndustria lechera _zFrancia _2 _957837 |
| 650 | 1 | 7 |
_aIndustria lechera _zMéxico _2 _957847 |
| 650 | 1 | 4 |
_aLeche _xMercadeo _zTlaxcala. _965393 |
| 650 | 1 | 4 |
_aLeche _xProducción. _965400 |
| 650 | 1 | 4 |
_aPolítica agrícola _zMéxico. |
| 856 |
_3Finding aid _uhttp://10.13.5.2/tesis/101640.pdf _zTeclea aquí |
||
| 856 |
_a1 _n0001686 |
||
| 901 | _aBK | ||
| 905 | _aLilia | ||
| 942 | _cCD | ||
| 942 | _n0 | ||
| 949 |
_aTesis _bBC _cTES _d1016401 _eTS1 _h43813 _i101640 _sb |
||
| 949 |
_aTesis _bBC _cTES _d33724000946182 _eTS2 _fc.2 _h43814 _i101640 _sb |
||
| 999 |
_c90110 _d90110 |
||